000 00434nam a2200181Ia 4500
001 14291
005 20260306164903.0
008 260306t2001||||xx |||||||||||||| ||spa||
041 _aESP
082 _a511.3
_bG22
100 _aGarcía, Pedro
_eAUT
245 0 _aTeoría de autómatas y lenguajes formales
260 _c2001
300 _a137 páginas :
_c23 cm.
650 _aGEN
654 _aCMA
942 _cLIB
_dJUS
_fJUS
_2ddc
_n
999 _c14291
_d14291